000 00500nam a2200169Ia 4500
008 240729s9999 xx 000 0 und d
022 _a2090-6498
245 0 _aCase Reports in Emergency Medicine
260 _aUnited Kingdom
260 _bHindawi Limited
650 _a Internal medicine
650 _a Medical emergencies. Critical care. Intensive care. First aid
650 _aMedicine
856 _uhttps://doaj.org/toc/654f5ae693974df39f8dc24ab9468521
942 _2ddc
942 _cDOAJEJ
999 _c71663
_d71663
945 _a1
_bMadushi Gamage
_c1
_dMadushi Gamage